<?xml version="1.0" encoding="UTF-8"?>
<collection xmlns="http://www.loc.gov/MARC21/slim">
 <record>
  <leader>02150pam a22002538a 4500</leader>
  <controlfield tag="001">00021533</controlfield>
  <controlfield tag="005">20171026081023.0</controlfield>
  <controlfield tag="008">110525s2007                  ||||||Viesd</controlfield>
  <datafield tag="041" ind1="0" ind2="#">
   <subfield code="a">Vie</subfield>
  </datafield>
  <datafield tag="082" ind1="1" ind2="4">
   <subfield code="a">571.207 6</subfield>
   <subfield code="b">GI108TR</subfield>
  </datafield>
  <datafield tag="100" ind1="0" ind2="#">
   <subfield code="a">Nguyễn Như Khanh</subfield>
   <subfield code="e">chủ biên</subfield>
  </datafield>
  <datafield tag="245" ind1="0" ind2="0">
   <subfield code="a">Giáo trình sinh lí học thực vật</subfield>
   <subfield code="b">Sách dành cho CĐSP</subfield>
   <subfield code="c">Nguyễn Như Khanh, Nguyễn Lương Hùng</subfield>
  </datafield>
  <datafield tag="260" ind1="#" ind2="#">
   <subfield code="a">H.</subfield>
   <subfield code="b">ĐH Sư phạm</subfield>
   <subfield code="c">2007</subfield>
  </datafield>
  <datafield tag="300" ind1="#" ind2="#">
   <subfield code="a">356 tr.</subfield>
   <subfield code="c">24 cm.</subfield>
  </datafield>
  <datafield tag="650" ind1="#" ind2="4">
   <subfield code="a">Giáo trình</subfield>
  </datafield>
  <datafield tag="650" ind1="#" ind2="4">
   <subfield code="a">Sinh lí học</subfield>
  </datafield>
  <datafield tag="653" ind1="#" ind2="#">
   <subfield code="a">Thực vật</subfield>
  </datafield>
  <datafield tag="700" ind1="0" ind2="#">
   <subfield code="a">Nguyễn Lương Hùng</subfield>
   <subfield code="e">tác giả</subfield>
  </datafield>
  <datafield tag="852" ind1="#" ind2="#">
   <subfield code="b">Kho giáo trình</subfield>
   <subfield code="j">KGT.0008609, KGT.0008610, KGT.0008611, KGT.0008612, KGT.0008613, KGT.0008614, KGT.0008615, KGT.0008616, KGT.0008617, KGT.0008618, KGT.0008619, KGT.0008620, KGT.0008621, KGT.0008622, KGT.0008623, KGT.0008624, KGT.0008625, KGT.0008626, KGT.0008627, KGT.0008628, KGT.0008629, KGT.0008630, KGT.0008631, KGT.0008632, KGT.0008633, KGT.0008634, KGT.0008635, KGT.0008636, KGT.0008637, KGT.0008638, KGT.0008639, KGT.0008640, KGT.0008641, KGT.0008642, KGT.0008643, KGT.0008644, KGT.0008645, KGT.0008646, KGT.0008647, KGT.0008648, KGT.0008649, KGT.0008650, KGT.0008651, KGT.0008652, KGT.0008653, KGT.0032801, KGT.0032961, KGT.0034223</subfield>
  </datafield>
  <datafield tag="852" ind1="#" ind2="#">
   <subfield code="b">Kho mượn</subfield>
   <subfield code="j">KGT.0008637</subfield>
  </datafield>
  <datafield tag="852" ind1="#" ind2="#">
   <subfield code="b">Kho đọc</subfield>
   <subfield code="j">KD.0007923</subfield>
  </datafield>
  <datafield tag="852" ind1="#" ind2="#">
   <subfield code="j">KD.0007923</subfield>
   <subfield code="j">KGT.0008609</subfield>
   <subfield code="j">KGT.0008610</subfield>
   <subfield code="j">KGT.0008612</subfield>
   <subfield code="j">KGT.0008613</subfield>
   <subfield code="j">KGT.0008615</subfield>
   <subfield code="j">KGT.0008616</subfield>
   <subfield code="j">KGT.0008618</subfield>
   <subfield code="j">KGT.0008619</subfield>
   <subfield code="j">KGT.0008621</subfield>
   <subfield code="j">KGT.0008622</subfield>
   <subfield code="j">KGT.0008624</subfield>
   <subfield code="j">KGT.0008625</subfield>
   <subfield code="j">KGT.0008627</subfield>
   <subfield code="j">KGT.0008628</subfield>
   <subfield code="j">KGT.0008630</subfield>
   <subfield code="j">KGT.0008631</subfield>
   <subfield code="j">KGT.0008633</subfield>
   <subfield code="j">KGT.0008634</subfield>
   <subfield code="j">KGT.0008636</subfield>
   <subfield code="j">KGT.0008638</subfield>
   <subfield code="j">KGT.0008639</subfield>
   <subfield code="j">KGT.0008641</subfield>
   <subfield code="j">KGT.0008642</subfield>
   <subfield code="j">KGT.0008644</subfield>
   <subfield code="j">KGT.0008645</subfield>
   <subfield code="j">KGT.0008647</subfield>
   <subfield code="j">KGT.0008648</subfield>
   <subfield code="j">KGT.0008650</subfield>
   <subfield code="j">KGT.0008651</subfield>
   <subfield code="j">KGT.0008653</subfield>
   <subfield code="j">KGT.0032961</subfield>
   <subfield code="j">KGT.0034223</subfield>
   <subfield code="j">KGT.0008611</subfield>
   <subfield code="j">KGT.0008614</subfield>
   <subfield code="j">KGT.0008617</subfield>
   <subfield code="j">KGT.0008620</subfield>
   <subfield code="j">KGT.0008623</subfield>
   <subfield code="j">KGT.0008626</subfield>
   <subfield code="j">KGT.0008629</subfield>
   <subfield code="j">KGT.0008632</subfield>
   <subfield code="j">KGT.0008635</subfield>
   <subfield code="j">KGT.0008637</subfield>
   <subfield code="j">KGT.0008640</subfield>
   <subfield code="j">KGT.0008643</subfield>
   <subfield code="j">KGT.0008646</subfield>
   <subfield code="j">KGT.0008649</subfield>
   <subfield code="j">KGT.0008652</subfield>
   <subfield code="j">KGT.0049190</subfield>
   <subfield code="j">KGT.0032801</subfield>
  </datafield>
  <datafield tag="910" ind1="0" ind2="#">
   <subfield code="a">nhnam</subfield>
   <subfield code="d">25/05/2011</subfield>
  </datafield>
  <datafield tag="980" ind1="#" ind2="#">
   <subfield code="a">Trung tâm Học liệu Lê Vũ Hùng, Trường Đại học Đồng Tháp</subfield>
  </datafield>
 </record>
</collection>
